Tuesdays with morrie : an old man, a young man, and life's greatest lesson /

Dades bibliogràfiques
Autor principal: Albom, Mitch, 1958-
Format: Llibre
Idioma:English
Publicat: New York : Anchor Books, c1997.
Edició:First edition.
Matèries:
Classic Catalogue: View this record in Classic Catalogue
LEADER 01766nam a2200349 a 4500
001 1165282
003 BD-DhAAL
005 20260106143029.0
008 100111s1997 nyu 000 0beng d
010 |a  96052535  
020 |a 9780385496490 
020 |a 0385484518 
040 |a DLC  |c DLC  |d DLC  |d BD-DhAAL 
082 0 0 |a 378.1/2/092  |2 21 
100 1 |a Albom, Mitch,  |d 1958-  |9 7220 
245 1 0 |a Tuesdays with morrie :  |b an old man, a young man, and life's greatest lesson /  |c Mitch Albom. 
250 |a First edition. 
260 |a New York :  |b Anchor Books,  |c c1997. 
300 |a 192 pages ;  |c 19 cm. 
541 1 |e 00019004 
600 1 0 |a Schwartz, Morris S. 
610 2 0 |a Brandeis University  |x Faculty  |x Biography.  |9 7222 
650 0 |a Amyotrophic lateral sclerosis  |x Patients  |z United States  |x Biography.  |9 7223 
650 0 |a Teacher-student relationships  |z United States  |x Case studies.  |9 7224 
650 0 |a Death  |x Psychological aspects  |x Case studies.  |9 7225 
852 4 |a Ayesha Abed Library   |j General Shelf. 
942 |2 ddc  |c BK 
999 |c 6862  |d 6862 
952 |0 0  |1 0  |2 ddc  |4 0  |6 378_120920000000000_ALB_1997  |7 0  |9 7074  |a BRACUL  |b BRACUL  |c GEN  |d 2010-01-11  |l 12  |m 71  |o 378.12092 ALB  |p 3010019004  |r 2026-04-18  |s 2026-01-19  |t 1  |w 2010-01-11  |y BK 
952 |0 0  |1 0  |2 ddc  |4 0  |6 378_120920000000000_ALB_1997  |7 0  |9 8956  |a BRACUL  |b BRACUL  |c GEN  |d 2010-04-04  |l 4  |m 47  |o 378.12092 ALB  |p 3010019001  |q 2026-06-02  |r 2025-03-13  |s 2025-03-13  |t 2  |w 2010-04-04  |y BK 
952 |0 0  |1 0  |2 ddc  |4 0  |6 378_120920000000000_ALB_1997  |7 0  |9 11261  |a BRACUL  |b BRACUL  |c GEN  |d 2010-06-28  |l 0  |o 378.12092 ALB  |p 3010019003  |r 2010-06-28  |t 3  |w 2010-06-28  |y BK 
952 |0 0  |1 4  |2 ddc  |4 0  |6 378_120920000000000_ALB  |7 0  |9 14608  |a BRACUL  |b BRACUL  |c GEN  |d 2011-03-12  |l 1  |m 2  |o 378.12092 ALB  |p 3010019000  |r 2012-01-10  |s 2011-12-20  |t 4  |w 2011-03-12  |y BK  |x Koha Inventory 2020